Carbon sequestration potential of common acess resources in arid and semi-arid regions of Northwestern India (Record no. 55175)

MARC details
000 -LEADER
fixed length control field 00454nam a2200157Ia 4500
100 ## - MAIN ENTRY--AUTHOR NAME
Personal name Singh G
245 #0 - TITLE STATEMENT
Title Carbon sequestration potential of common acess resources in arid and semi-arid regions of Northwestern India
260 ## - PUBLICATION, DISTRIBUTION, ETC. (IMPRINT)
Name of publisher Indian Forester
Year of publication 2003
300 ## - PHYSICAL DESCRIPTION
Number of Pages 859-864
650 ## - SUBJECT ADDED ENTRY--TOPICAL TERM
Topical Term Carbon sequestration
700 ## - ADDED ENTRY--PERSONAL NAME
Personal name Bala N
700 ## - ADDED ENTRY--PERSONAL NAME
Personal name Chaudhuri K K
700 ## - ADDED ENTRY--PERSONAL NAME
Personal name Meena R L
942 ## - ADDED ENTRY ELEMENTS (KOHA)
Koha item type Journals
Holdings
Withdrawn status Lost status Damaged status Not for loan Home library Current library Shelving location Date acquired Serial Enumeration / chronology Koha item type
      Journals RRII Library RRII Library Rubber general 17/12/2021 Volume 129, Issue 7 Journals